| 000 | 00584nam a2200205Ia 4500 | ||
|---|---|---|---|
| 003 | OSt | ||
| 005 | 20230406125419.0 | ||
| 008 | 210423s2008 xx 000 0 und d | ||
| 040 | _cAL | ||
| 041 | _aeng | ||
| 082 |
_a658.150954 _223 _b PATB |
||
| 100 |
_aPATHAK (Bharati V). _984491 |
||
| 245 | _aIndian financial system: markets institutions and services. | ||
| 250 | _a2 | ||
| 260 |
_aNew Delhi _bPearson Education Pvt Ltd _c2008 |
||
| 300 | _axiv,735. | ||
| 365 |
_b399 _cINR |
||
| 906 | _afinancial ; Indian ; institutions ; markets ; services. ; system: | ||
| 942 |
_2ddc _cBK |
||
| 999 |
_c157027 _d157027 |
||